[Event "CAN-ch (Women)"]
[Site "Montreal"]
[Date "2012.08.09"]
[Round "6"]
[White "Khoudgarian, Natalia"]
[Black "Yun, Chang"]
[Result "1-0"]
[WhiteElo "2158"]
[BlackElo "1886"]
[PlyCount "45"]
[EventDate "2012.08.05"]
[EventType "swiss"]
[EventRounds "9"]
[EventCountry "CAN"]
[SourceTitle "EXT 2022"]
[Source "ChessBase"]
[SourceDate "2021.10.06"]
[SourceVersion "1"]
[SourceVersionDate "2021.10.06"]
[SourceQuality "1"]

1. e4 c5 2. c3 d5 3. exd5 Qxd5 4. d4 Nc6 5. Nf3 Nf6 6. dxc5 Qxd1+ 7. Kxd1 e6 8. b4 a5 9. b5 Nb8 10. Be3 Nfd7 11. c6 bxc6 12. a4 Bb7 13. Na3 Bc5 14. Nd4 e5 15. Nf5 Bxe3 16. fxe3 0-0 17. Nd6 Nc5 18. Kc2 cxb5 19. axb5 Bd5 20. Bc4 Bxg2 21. Rhg1 Be4+ 22. Nxe4 Nxe4 23. Bd5 1-0

[Event "CAN-ch (Women)"]
[Site "Montreal"]
[Date "2012.08.07"]
[Round "5"]
[White "Yun, Chang"]
[Black "Shi, Ling Yun"]
[Result "1-0"]
[WhiteElo "1886"]
[BlackElo "1362"]
[PlyCount "57"]
[EventDate "2012.08.05"]
[EventType "swiss"]
[EventRounds "9"]
[EventCountry "CAN"]
[SourceTitle "EXT 2022"]
[Source "ChessBase"]
[SourceDate "2021.10.06"]
[SourceVersion "1"]
[SourceVersionDate "2021.10.06"]
[SourceQuality "1"]

1. e4 c5 2. Nf3 Nc6 3. Bb5 g6 4. 0-0 Bg7 5. c3 Nf6 6. Re1 0-0 7. d4 cxd4 8. cxd4 d5 9. e5 Ne4 10. Nc3 Nxc3 11. bxc3 a6 12. Bd3 b5 13. Bd2 Bd7 14. h3 Rc8 15. Ng5 e6 16. Qg4 Na5 17. h4 h6 18. Nh3 Kh8 19. h5 g5 20. f4 gxf4 21. Nxf4 Be8 22. Re3 Rg8 23. Rg3 Nc6 24. Nxd5 Bd7 25. Nf6 Bxf6 26. Qe4 Rg7 27. Bxh6 Qg8 28. Bxg7+ Bxg7 29. h6 1-0

[Event "CAN-ch (Women)"]
[Site "Montreal"]
[Date "2012.08.05"]
[Round "1"]
[White "Yun, Chang"]
[Black "Liu, Jiaxin"]
[Result "1-0"]
[WhiteElo "1886"]
[BlackElo "1666"]
[PlyCount "103"]
[EventDate "2012.08.05"]
[EventType "swiss"]
[EventRounds "9"]
[EventCountry "CAN"]
[SourceTitle "EXT 2022"]
[Source "ChessBase"]
[SourceDate "2021.10.06"]
[SourceVersion "1"]
[SourceVersionDate "2021.10.06"]
[SourceQuality "1"]

1. e4 c5 2. Nf3 Nc6 3. Bb5 e6 4. 0-0 Nge7 5. b3 a6 6. Bxc6 Nxc6 7. Bb2 f6 8. d4 cxd4 9. Nxd4 Nxd4 10. Bxd4 e5 11. Bb2 Qe7 12. Na3 b5 13. c4 b4 14. Nc2 Qf7 15. Qd2 a5 16. a3 bxa3 17. Bxa3 Bxa3 18. Rxa3 Bb7 19. f3 Qe7 20. Rxa5 Rxa5 21. Qxa5 0-0 22. Qb4 Qxb4 23. Nxb4 Rb8 24. Nd3 d6 25. Rb1 Ba6 26. Rb2 Kf8 27. Kf2 h5 28. Ke3 g5 29. Kd2 Ke7 30. Kc3 Rc8 31. Ra2 Ra8 32. Nb4 Bb7 33. Rxa8 Bxa8 34. Nd5+ Bxd5 35. cxd5 Kd7 36. Kb4 Kc7 37. Ka5 Kb7 38. h3 Ka7 39. b4 Kb7 40. b5 Ka7 41. g4 h4 42. b6+ Kb8 43. Ka6 Ka8 44. b7+ Kb8 45. Kb6 f5 46. Kc6 f4 47. Kxd6 Kxb7 48. Kxe5 Kc7 49. Kf5 Kd6 50. Kxg5 Ke5 51. Kxh4 Kd4 52. g5 1-0

[Event "Quebec op"]
[Site "Montreal"]
[Date "2012.07.27"]
[Round "8"]
[White "Lopez Linares, Lizandro Fernando"]
[Black "Yun, Chang"]
[Result "1/2-1/2"]
[WhiteElo "2096"]
[BlackElo "1988"]
[PlyCount "91"]
[EventDate "2012.07.21"]
[EventType "swiss"]
[EventRounds "9"]
[EventCountry "CAN"]
[SourceTitle "EXT 2022"]
[Source "ChessBase"]
[SourceDate "2021.10.06"]
[SourceVersion "1"]
[SourceVersionDate "2021.10.06"]
[SourceQuality "1"]

1. d4 d5 2. c4 e6 3. Nc3 Be7 4. Nf3 Nf6 5. Bg5 Nbd7 6. e3 0-0 7. Rc1 a6 8. cxd5 exd5 9. Bd3 c6 10. 0-0 Re8 11. Qc2 Nf8 12. h3 Ng6 13. Bxf6 Bxf6 14. b4 Be7 15. Rb1 Bd6 16. e4 dxe4 17. Bxe4 Be6 18. Rfe1 Qc7 19. Na4 Rad8 20. Nc5 Bc8 21. a3 a5 22. Red1 axb4 23. axb4 Qe7 24. Re1 Qc7 25. Ra1 Qb6 26. Reb1 Be6 27. Ng5 Bd5 28. Bxd5 cxd5 29. Qf5 Re7 30. g3 h6 31. Nf3 Qc7 32. Rb2 Nf8 33. Kg2 Nh7 34. Qxd5 Bxg3 35. Qxb7 Qxb7 36. Nxb7 Rxb7 37. Kxg3 Nf6 38. Ra3 Rdb8 39. Rab3 Nd5 40. b5 Nc7 41. Kf4 Rxb5 42. Rxb5 Rxb5 43. Rxb5 Nxb5 44. Ke5 Kf8 45. Nh4 g6 46. Nf3 1/2-1/2

[Event "Quebec-ch A U20 Pepsico"]
[Site "Montreal"]
[Date "2012.02.12"]
[Round "4"]
[White "Zhu, Hong Rui"]
[Black "Yun, Chang"]
[Result "1/2-1/2"]
[WhiteElo "2103"]
[BlackElo "1958"]
[PlyCount "132"]
[EventDate "2012.02.10"]
[EventType "swiss"]
[EventRounds "5"]
[EventCountry "CAN"]
[SourceTitle "EXT 2022"]
[Source "ChessBase"]
[SourceDate "2021.10.06"]
[SourceVersion "1"]
[SourceVersionDate "2021.10.06"]
[SourceQuality "1"]

1. e4 c5 2. Nf3 d6 3. d4 cxd4 4. Nxd4 Nf6 5. f3 Nc6 6. Bb5 Bd7 7. Bxc6 Bxc6 8. c4 g6 9. Nc3 Bg7 10. Be3 0-0 11. Rc1 Nd7 12. 0-0 Rc8 13. Qd2 Re8 14. Kh1 Qa5 15. Rfd1 Ne5 16. b3 Bd7 17. Nde2 Bc6 18. Nd4 Bd7 19. h3 Nc6 20. Nd5 Qxd2 21. Rxd2 Bxd4 22. Bxd4 Nxd4 23. Rxd4 b5 24. Rc2 Be6 25. Ne3 bxc4 26. Nxc4 Rc5 27. Ne3 Rec8 28. Rdd2 Kg7 29. Kg1 f5 30. exf5 gxf5 31. f4 Kf6 32. Kf2 Rxc2 33. Rxc2 Rxc2+ 34. Nxc2 Bd7 35. Ke3 e5 36. fxe5+ dxe5 37. Nb4 f4+ 38. Kf2 Bc8 39. Nc6 a6 40. b4 h5 41. a4 h4 42. b5 axb5 43. axb5 Ke6 44. b6 Kd6 45. Nd8 Ba6 46. Kf3 Kd7 47. b7 Kc7 48. b8Q+ Kxb8 49. Nc6+ Kc7 50. Nxe5 Bb7+ 51. Kf2 Be4 52. Nf3 Kd6 53. Nxh4 Ke5 54. Ke2 Kf6 55. Nf3 Kf5 56. Kd2 Bb7 57. Ke2 Ba6+ 58. Kf2 Bb7 59. Nd4+ Ke5 60. Nb3 Kf5 61. Nc5 Bc6 62. Nd3 Kg5 63. Ne5 Bb7 64. Nf3+ Kf5 65. Ke2 Ba6+ 66. Kd2 Ke4 1/2-1/2

[Event "Quebec-ch A U20 Pepsico"]
[Site "Montreal"]
[Date "2012.02.10"]
[Round "1"]
[White "Samikov, Chingis"]
[Black "Yun, Chang"]
[Result "0-1"]
[WhiteElo "1417"]
[BlackElo "1958"]
[PlyCount "117"]
[EventDate "2012.02.10"]
[EventType "swiss"]
[EventRounds "5"]
[EventCountry "CAN"]
[SourceTitle "EXT 2022"]
[Source "ChessBase"]
[SourceDate "2021.10.06"]
[SourceVersion "1"]
[SourceVersionDate "2021.10.06"]
[SourceQuality "1"]

1. d4 d5 2. c4 e6 3. Nc3 Be7 4. cxd5 exd5 5. Bf4 c6 6. e3 Nf6 7. Bd3 0-0 8. Nf3 Re8 9. 0-0 Nbd7 10. Qc2 Nf8 11. Rab1 Ng6 12. Bg5 Bd6 13. b4 Bg4 14. Na4 Bxf3 15. gxf3 h6 16. Bxg6 hxg5 17. Bf5 g6 18. Bd3 Kg7 19. Kg2 Rh8 20. h3 Rxh3 21. Rh1 Rxh1 22. Rxh1 Bxb4 23. Rb1 Qe7 24. Qb3 a5 25. a3 Bxa3 26. Qxb7 Qxb7 27. Rxb7 Bd6 28. Rb6 Rc8 29. Ra6 Bb4 30. Ra7 Ne8 31. Ba6 Rd8 32. Rb7 Ra8 33. Rb6 Nc7 34. Bb7 Rb8 35. Bxc6 Rxb6 36. Nxb6 Kf6 37. Nxd5+ Nxd5 38. Bxd5 a4 39. Kg3 Bd6+ 40. Kg4 Bb4 41. Kg3 Ke7 42. f4 Bd6 43. Kg4 gxf4 44. e4 Bc7 45. Bc4 f6 46. e5 fxe5 47. dxe5 Bxe5 48. Kg5 Kd6 49. Kxg6 Kc5 50. Bg8 Kd4 51. Kf5 Bb8 52. Kg4 Kc3 53. Kf3 Kb2 54. Ke2 a3 55. Kd2 a2 56. Bxa2 Kxa2 57. Kc1 Ba7 58. f3 Be3+ 59. Kc2 0-1

[Event "CAN-ch (Women) 15th"]
[Site "Toronto"]
[Date "2011.10.10"]
[Round "6"]
[White "Zhou, Qiyu"]
[Black "Yun, Chang"]
[Result "0-1"]
[WhiteElo "1660"]
[BlackElo "1990"]
[PlyCount "98"]
[EventDate "2011.10.08"]
[EventType "swiss"]
[EventRounds "6"]
[EventCountry "CAN"]
[SourceTitle "CBM 144 Extra"]
[Source "ChessBase"]
[SourceDate "2011.10.28"]
[SourceVersion "1"]
[SourceVersionDate "2011.10.28"]
[SourceQuality "1"]

1. e4 c5 2. Nf3 d6 3. d4 cxd4 4. Nxd4 Nf6 5. Nc3 g6 6. Be3 Bg7 7. f3 Nc6 8. Qd2 0-0 9. Bc4 Bd7 10. 0-0-0 Rc8 11. Bb3 Nxd4 12. Bxd4 b5 13. Nd5 Nxd5 14. Bxg7 Kxg7 15. Bxd5 a5 16. a3 Qc7 17. h4 b4 18. axb4 axb4 19. Bb3 Qa5 20. Qd4+ e5 21. Qxd6 Be6 22. Bxe6 Rfd8 23. Bd7 Qa1+ 24. Kd2 Qxb2 25. Rc1 Qc3+ 26. Ke2 Rc7 27. Rhd1 Rcxd7 28. Qxd7 Rxd7 29. Rxd7 b3 30. Rd2 h5 31. Rb1 Qc4+ 32. Kf2 Qc5+ 33. Ke2 bxc2 34. Rc1 Qe7 35. g3 Qe6 36. Rcxc2 Qh3 37. Rc7 Qh2+ 38. Ke3 Qxg3 39. Rdd7 Qe1+ 40. Kd3 Qxh4 41. Rxf7+ Kh6 42. Rh7+ Kg5 43. Rc6 Qf2 44. Rf7 Qd4+ 45. Ke2 Qb2+ 46. Ke1 Qb1+ 47. Kf2 Qa2+ 48. Kg3 h4+ 49. Kh3 Qxf7 0-1

[Event "CAN-ch (Women) 15th"]
[Site "Toronto"]
[Date "2011.10.08"]
[Round "1"]
[White "Khoudgarian, Natalia"]
[Black "Yun, Chang"]
[Result "1-0"]
[WhiteElo "2140"]
[BlackElo "1990"]
[PlyCount "67"]
[EventDate "2011.10.08"]
[EventType "swiss"]
[EventRounds "6"]
[EventCountry "CAN"]
[SourceTitle "CBM 144 Extra"]
[Source "ChessBase"]
[SourceDate "2011.10.28"]
[SourceVersion "1"]
[SourceVersionDate "2011.10.28"]
[SourceQuality "1"]

1. e4 c5 2. Nf3 d6 3. c3 Nf6 4. Bd3 Nc6 5. 0-0 e5 6. Re1 Be7 7. h3 0-0 8. Bb5 Qb6 9. Na3 Bd7 10. Bf1 a6 11. Nc4 Qa7 12. a4 h6 13. a5 Be6 14. d4 cxd4 15. cxd4 Bxc4 16. Bxc4 Nxd4 17. Nxd4 exd4 18. b3 Nd7 19. Bxh6 Ne5 20. Bf4 Qc5 21. Bd5 Rab8 22. Qd2 Rfc8 23. Rec1 Qb5 24. Qxd4 Bf6 25. Qe3 Rxc1+ 26. Rxc1 Qxa5 27. Bg5 Bxg5 28. Qxg5 Qb6 29. Qe7 Rf8 30. Qxb7 Qd4 31. Qxa6 Nd3 32. Rf1 Ne5 33. Qxd6 Rc8 34. Bxf7+ 1-0

[Event "Quebec op"]
[Site "Montreal"]
[Date "2011.07.30"]
[Round "9"]
[White "Plante, Michel"]
[Black "Yun, Chang"]
[Result "1-0"]
[WhiteElo "2066"]
[BlackElo "1881"]
[PlyCount "93"]
[EventDate "2011.07.23"]
[EventType "swiss"]
[EventRounds "9"]
[EventCountry "CAN"]
[SourceTitle "EXT 2022"]
[Source "ChessBase"]
[SourceDate "2021.10.06"]
[SourceVersion "1"]
[SourceVersionDate "2021.10.06"]
[SourceQuality "1"]

1. d4 d6 2. e4 Nf6 3. Nc3 g6 4. Bg5 Bg7 5. e5 dxe5 6. dxe5 Qxd1+ 7. Rxd1 Ng8 8. Nf3 c6 9. h3 Bf5 10. Bd3 Bxd3 11. cxd3 f6 12. Bf4 fxe5 13. Bxe5 Bxe5 14. Nxe5 Nd7 15. d4 e6 16. 0-0 Ngf6 17. Rfe1 Nxe5 18. dxe5 Nd5 19. Ne4 Rf8 20. Ng5 Ke7 21. Nxh7 Rf5 22. Rd4 Rh5 23. Nf6 Nxf6 24. exf6+ Kxf6 25. Rd6 Re8 26. Rd7 Re7 27. Rxe7 Kxe7 28. Kh2 Rc5 29. Re2 b5 30. Kg3 b4 31. Kf4 Kf6 32. Ke4 Rd5 33. f4 a5 34. Rc2 a4 35. g4 c5 36. h4 Rd4+ 37. Ke3 Rd5 38. b3 a3 39. Rh2 Rd1 40. Rc2 Rd5 41. Rh2 Rd1 42. g5+ Kf5 43. h5 gxh5 44. Rxh5 Ra1 45. Rh6 Rxa2 46. Kf3 Ra1 47. Rf6# 1-0

[Event "Quebec op"]
[Site "Montreal"]
[Date "2011.07.28"]
[Round "7"]
[White "Yun, Chang"]
[Black "Auger, Bertrand"]
[Result "1-0"]
[WhiteElo "1881"]
[BlackElo "1961"]
[PlyCount "84"]
[EventDate "2011.07.23"]
[EventType "swiss"]
[EventRounds "9"]
[EventCountry "CAN"]
[SourceTitle "EXT 2022"]
[Source "ChessBase"]
[SourceDate "2021.10.06"]
[SourceVersion "1"]
[SourceVersionDate "2021.10.06"]
[SourceQuality "1"]

1. e4 e6 2. d4 d5 3. Nd2 c5 4. exd5 exd5 5. Ngf3 Nf6 6. Bb5+ Bd7 7. Bxd7+ Nbxd7 8. 0-0 Be7 9. dxc5 Nxc5 10. Nb3 0-0 11. Nxc5 Bxc5 12. Bg5 Be7 13. Bxf6 Bxf6 14. c3 Qb6 15. Qb3 Qxb3 16. axb3 a6 17. Rfd1 Rfd8 18. Ra5 b5 19. b4 g6 20. Kf1 Rd6 21. Nd4 Re8 22. Raa1 Re4 23. Nb3 Re8 24. Rd3 h5 25. Nc5 d4 26. Rad1 Rd5 27. Nxa6 Rd7 28. Nc5 Ra7 29. cxd4 Ra2 30. R3d2 Bg5 31. Rc2 Bf4 32. d5 Rd8 33. g3 Be5 34. f4 Rxb2 35. Rxb2 Bxb2 36. d6 Kf8 37. d7 Ke7 38. Re1+ Kf8 39. Re4 Bf6 40. Ke2 Be7 41. Rd4 Bf6 42. Nb7 Ke7 1-0

[Event "Quebec op"]
[Site "Montreal"]
[Date "2011.07.27"]
[Round "6"]
[White "Sprumont, Oscar"]
[Black "Yun, Chang"]
[Result "0-1"]
[WhiteElo "1757"]
[BlackElo "1881"]
[PlyCount "184"]
[EventDate "2011.07.23"]
[EventType "swiss"]
[EventRounds "9"]
[EventCountry "CAN"]
[SourceTitle "EXT 2022"]
[Source "ChessBase"]
[SourceDate "2021.10.06"]
[SourceVersion "1"]
[SourceVersionDate "2021.10.06"]
[SourceQuality "1"]

1. e4 e5 2. Nf3 Qe7 3. Bc4 c6 4. Nc3 d6 5. 0-0 g6 6. d4 Bg7 7. Qd3 Nh6 8. Bd2 f6 9. Rad1 Nf7 10. Bc1 Nd7 11. Rd2 Bh6 12. Re2 Bxc1 13. Rxc1 0-0 14. Rd1 Kg7 15. Bb3 Re8 16. Kh1 Nb6 17. h3 Be6 18. d5 cxd5 19. Nxd5 Bxd5 20. Bxd5 Nxd5 21. Qxd5 Rac8 22. Qd3 Qc7 23. c3 Qa5 24. a3 Qa4 25. Qc2 Qxc2 26. Rxc2 f5 27. Nd2 Red8 28. exf5 gxf5 29. Nf1 f4 30. Rd5 Ng5 31. f3 Kf6 32. Rcd2 Ke7 33. Rd1 Ne6 34. Nh2 Ng7 35. Ng4 Nf5 36. R1d2 h5 37. Nf2 Ne3 38. R5d3 Ke6 39. b3 b5 40. Nd1 Nxd1 41. Rxd1 d5 42. Kg1 h4 43. Kf2 Rd7 44. Kg1 Rcd8 45. Kf2 e4 46. Rd4 e3+ 47. Ke2 Ke5 48. R1d3 Rc8 49. c4 bxc4 50. bxc4 Rcd8 51. cxd5 Rxd5 52. Re4+ Kf5 53. Rxd5+ Rxd5 54. Re7 Ra5 55. Rh7 Kg5 56. Rg7+ Kf5 57. Rh7 Rxa3 58. Rh5+ Kf6 59. Rxh4 Ra2+ 60. Kf1 Ke5 61. Rh5+ Kd4 62. Rf5 Kd3 63. Rd5+ Kc3 64. Rf5 Kd2 65. Rd5+ Kc1 66. h4 Rf2+ 67. Ke1 Rxg2 68. Rf5 Kc2 69. h5 Rh2 70. Ra5 Kd3 71. Ra3+ Kd4 72. Rxa7 Rxh5 73. Ra4+ Kd3 74. Ra3+ Kc4 75. Ra4+ Kc3 76. Ke2 Rh2+ 77. Ke1 Kd3 78. Ra3+ Kd4 79. Ra4+ Ke5 80. Ra5+ Kf6 81. Rb5 Rf2 82. Rb8 Kg5 83. Rg8+ Kf6 84. Rf8+ Ke5 85. Re8+ Kd6 86. Re4 Rxf3 87. Ke2 Rf2+ 88. Ke1 Kd5 89. Re8 Ra2 90. Re7 Kd4 91. Rd7+ Ke4 92. Rh7 Ra1+ 0-1

[Event "Montreal Ahuntsic op-A"]
[Site "Montreal"]
[Date "2011.04.03"]
[Round "1"]
[White "Yun, Chang"]
[Black "Pachah, Parwiz"]
[Result "1-0"]
[WhiteElo "1272"]
[BlackElo "1722"]
[PlyCount "54"]
[EventDate "2011.04.03"]
[EventType "swiss (rapid)"]
[EventRounds "5"]
[EventCountry "CAN"]
[SourceTitle "EXT 2013"]
[Source "ChessBase"]
[SourceDate "2012.11.22"]
[SourceVersion "1"]
[SourceVersionDate "2012.11.22"]
[SourceQuality "1"]

1. e4 c5 2. Nf3 Nc6 3. d4 cxd4 4. Nxd4 g6 5. c4 Bg7 6. Be3 d6 7. Nc3 Nf6 8. f3 Bd7 9. Qd2 h5 10. Be2 a6 11. Rc1 Rc8 12. 0-0 h4 13. Nd5 Ne5 14. Nb3 Nxd5 15. exd5 0-0 16. h3 e6 17. f4 exd5 18. cxd5 Bxh3 19. fxe5 Rxc1 20. Rxc1 Bf5 21. exd6 h3 22. g3 Qxd6 23. Bf4 Qf6 24. Kh2 Re8 25. Bf3 Bc8 26. Nc5 b6 27. Ne4 Qxb2 1-0

[Event "Montreal Oasis op"]
[Site "Montreal"]
[Date "2011.02.26"]
[Round "3"]
[White "Roy, Myriam"]
[Black "Yun, Chang"]
[Result "1/2-1/2"]
[WhiteElo "2070"]
[BlackElo "1848"]
[PlyCount "26"]
[EventDate "2011.02.25"]
[EventType "swiss"]
[EventRounds "5"]
[EventCountry "CAN"]
[SourceTitle "EXT 2013"]
[Source "ChessBase"]
[SourceDate "2012.11.22"]
[SourceVersion "1"]
[SourceVersionDate "2012.11.22"]
[SourceQuality "1"]

1. e4 c5 2. Nf3 d6 3. d4 cxd4 4. Nxd4 Nf6 5. Nc3 g6 6. Be2 Bg7 7. Be3 0-0 8. 0-0 Nc6 9. f4 Qb6 10. Na4 Qa5 11. Nc3 Qb6 12. Na4 Qa5 13. Nc3 Qb6 1/2-1/2

[Event "Quebec-ch U14"]
[Site "Montreal"]
[Date "2010.11.28"]
[Round "5"]
[White "Yu, Kexin"]
[Black "Yun, Chang"]
[Result "1/2-1/2"]
[WhiteElo "1614"]
[BlackElo "1746"]
[PlyCount "37"]
[EventDate "2010.11.26"]
[EventType "swiss"]
[EventRounds "5"]
[EventCountry "CAN"]
[SourceTitle "EXT 2013"]
[Source "ChessBase"]
[SourceDate "2012.11.22"]
[SourceVersion "1"]
[SourceVersionDate "2012.11.22"]
[SourceQuality "1"]

1. c4 Nf6 2. Nc3 g6 3. Nf3 Bg7 4. d4 0-0 5. e3 d6 6. Be2 Nbd7 7. 0-0 e5 8. b3 c6 9. dxe5 dxe5 10. Bb2 a5 11. Qc2 Qc7 12. Rad1 Re8 13. Ba3 Bf8 14. Bxf8 Rxf8 15. Rd2 Nc5 16. Rfd1 Bf5 17. Qb2 Nfe4 18. Nxe4 Nxe4 19. Rc2 1/2-1/2

[Event "Quebec-ch U14"]
[Site "Montreal"]
[Date "2010.11.27"]
[Round "3"]
[White "Luo, Zhao Yang"]
[Black "Yun, Chang"]
[Result "0-1"]
[WhiteElo "1963"]
[BlackElo "1746"]
[PlyCount "82"]
[EventDate "2010.11.26"]
[EventType "swiss"]
[EventRounds "5"]
[EventCountry "CAN"]
[SourceTitle "EXT 2013"]
[Source "ChessBase"]
[SourceDate "2012.11.22"]
[SourceVersion "1"]
[SourceVersionDate "2012.11.22"]
[SourceQuality "1"]

1. Nf3 Nf6 2. c4 g6 3. d4 Bg7 4. Nc3 0-0 5. e4 d6 6. Be2 e5 7. 0-0 Nbd7 8. d5 Nc5 9. Bg5 a5 10. Nd2 h6 11. Bxf6 Bxf6 12. Nb3 b6 13. Nxc5 bxc5 14. a3 Bd7 15. Rb1 a4 16. Bg4 Be8 17. Re1 Bg5 18. Qc2 h5 19. Bh3 Bh6 20. Red1 Kg7 21. g3 g5 22. Bf5 Bd7 23. f3 g4 24. fxg4 Be3+ 25. Kg2 hxg4 26. Qe2 Bxf5 27. Qxe3 Bd7 28. Rf1 Rh8 29. Rf2 f6 30. Rbf1 Rh6 31. Qe2 Qe7 32. Nd1 Rah8 33. Kg1 Kf8 34. Ne3 Qg7 35. Nd1 Ke7 36. Rg2 Qg6 37. Nc3 f5 38. Qc2 f4 39. gxf4 g3 40. Rxg3 Qxg3+ 41. hxg3 Rh1+ 0-1

[Event "Montreal Mercredi 09"]
[Site "Montreal"]
[Date "2010.09.29"]
[Round "5"]
[White "Bergeron, Rene"]
[Black "Yun, Chang"]
[Result "0-1"]
[WhiteElo "1646"]
[BlackElo "1735"]
[PlyCount "72"]
[EventDate "2010.09.01"]
[EventType "tourn"]
[EventRounds "5"]
[EventCountry "CAN"]
[SourceTitle "EXT 2013"]
[Source "ChessBase"]
[SourceDate "2012.11.22"]
[SourceVersion "1"]
[SourceVersionDate "2012.11.22"]
[SourceQuality "1"]

1. c4 Nf6 2. Nc3 g6 3. g3 Bg7 4. Bg2 d6 5. d4 0-0 6. Nf3 Nbd7 7. 0-0 e5 8. dxe5 Nxe5 9. Nxe5 dxe5 10. Qb3 c6 11. Bg5 h6 12. Rad1 Qe7 13. Bxf6 Bxf6 14. Ne4 Bg7 15. c5 Be6 16. Qa3 Rfd8 17. Nd6 Qc7 18. b3 Bf8 19. Ne4 f5 20. Nd6 b6 21. b4 a5 22. Qe3 e4 23. a3 axb4 24. axb4 bxc5 25. bxc5 Kh7 26. Rb1 Bxd6 27. cxd6 Rxd6 28. Rb2 Rad8 29. Qf4 R6d7 30. Qc1 c5 31. f3 exf3 32. exf3 Bd5 33. Qc3 c4 34. Rc1 Qc5+ 35. Kh1 Bc6 36. h3 Rd1+ 0-1

[Event "Montreal Mercredi 09"]
[Site "Montreal"]
[Date "2010.09.08"]
[Round "2"]
[White "Yun, Chang"]
[Black "Gauthier, Luc"]
[Result "0-1"]
[WhiteElo "1735"]
[BlackElo "1727"]
[PlyCount "62"]
[EventDate "2010.09.01"]
[EventType "tourn"]
[EventRounds "5"]
[EventCountry "CAN"]
[SourceTitle "EXT 2013"]
[Source "ChessBase"]
[SourceDate "2012.11.22"]
[SourceVersion "1"]
[SourceVersionDate "2012.11.22"]
[SourceQuality "1"]

1. e4 Nf6 2. e5 Nd5 3. c4 Nb6 4. d4 d6 5. exd6 exd6 6. Nf3 Bg4 7. Be2 Be7 8. Nc3 Nc6 9. d5 Bxf3 10. Bxf3 Ne5 11. b3 Bf6 12. Bb2 0-0 13. 0-0 Qd7 14. Ne4 Nxf3+ 15. Qxf3 Bxb2 16. Rab1 Be5 17. Rfe1 h6 18. Rbd1 f5 19. Ng3 Rae8 20. Nh5 Qf7 21. Nf4 Bxf4 22. Qxf4 Re4 23. Rxe4 fxe4 24. Qxf7+ Kxf7 25. Rd4 Re8 26. b4 Nd7 27. Kf1 Nf6 28. Ke2 b6 29. Rd2 Ng4 30. h3 Nxf2 31. Rb2 Nd3 0-1